Engineering mechanics /

Bibliographic Details
Main Author: Singer, Ferdinand Leon, 1907-
Format: Book
Language:English
Published: New York, London : Harper & brothers, [1943]
Subjects:

MARC

Tag First Indicator Second Indicator Subfields
LEADER 00000cam a2200000 4500
001 in00000044696
005 20151007075103.0
008 730223s1943 nyua 00010 eng u
010 |a  43011880  
035 |a (OCoLC)00563380 
035 |9 AAF2613AM 
040 |c WSU  |d TXA  |d UtOrBLW 
049 |a TXAM  |c 1 [124756]  |c 2 [377458] 
050 0 |a TA350  |b .S532 
092 |a 620.1  |b S617e, 1943 
100 1 |a Singer, Ferdinand Leon,  |d 1907- 
245 1 0 |a Engineering mechanics /  |c by Ferdinand L. Singer ... 
264 1 |a New York,  |a London :  |b Harper & brothers,  |c [1943] 
300 |a xiv, 482 pages :  |b diagrams ;  |c 24 cm. 
336 |a text  |b txt  |2 rdacontent 
337 |a unmediated  |b n  |2 rdamedia 
338 |a volume  |b nc  |2 rdacarrier 
650 0 |a Mechanics, Applied. 
999 |a MARS 
999 f f |s 04d5f263-a2d7-3e5d-9cf5-39d5529d2702  |i 5b954fc8-a204-3968-9cb3-19264c269cd1  |t 0 
952 f f |p normal  |a Texas A&M University  |b College Station  |c Sterling C. Evans Library  |s Evans stk  |d Evans: Library Stacks  |t 0  |e TA350 .S532  |h Library of Congress classification  |i unmediated -- volume  |m A14801031881 
998 f f |a TA350 .S532  |t 0  |l Evans: Library Stacks